|
|
|
|
| LEADER |
02426nam a2200589 i 4500 |
| 001 |
nkc20172962074 |
| 003 |
CZ PrNK |
| 005 |
20230502123145.0 |
| 007 |
ta |
| 008 |
171212s2017 xr a f 000 0 eng |
| 015 |
|
|
|a cnb002962074
|
| 020 |
|
|
|a 978-80-7403-171-7
|q (Výzkumný ústav živočišné výroby ;
|q brožováno)
|
| 020 |
|
|
|a 978-80-7403-175-5
|q (Výzkumný ústav živočišné výroby ;
|q vázáno)
|
| 035 |
|
|
|a (OCoLC)1028189589
|
| 040 |
|
|
|a BOA001
|b cze
|e rda
|
| 072 |
|
7 |
|a 636
|x Chov zvířat. Živočišná výroba
|2 Konspekt
|9 24
|
| 080 |
|
|
|a 636.025.08
|2 MRF
|
| 080 |
|
|
|a 636.025
|2 MRF
|
| 080 |
|
|
|a 636.083
|2 MRF
|
| 080 |
|
|
|a 636.09:614.9
|2 MRF
|
| 080 |
|
|
|a (048.8:082)
|2 MRF
|
| 100 |
1 |
|
|a Novák, Pavel,
|d 1961-
|7 jo2002104811
|4 aut
|
| 245 |
1 |
0 |
|a Principles of animal health and management in zoological gardens /
|c authors Pavel Novák, Gabriela Malá, Miloslav Šoch, Ivan Přikryl
|
| 250 |
|
|
|a First edition
|
| 264 |
|
1 |
|a [Prague] :
|b Institute of Animal Science ;
|a [České Budějovice] :
|b Faculty of Agriculture University of South Bohemia,
|c 2017
|
| 300 |
|
|
|a 284 stran :
|b barevné ilustrace ;
|c 21 cm
|
| 336 |
|
|
|a text
|b txt
|2 rdacontent
|
| 337 |
|
|
|a bez média
|b n
|2 rdamedia
|
| 338 |
|
|
|a svazek
|b nc
|2 rdacarrier
|
| 500 |
|
|
|a Terminologický slovník
|
| 504 |
|
|
|a Obsahuje bibliografii
|
| 650 |
0 |
7 |
|a chov exotických zvířat
|7 ph574512
|2 czenas
|
| 650 |
0 |
7 |
|a zvířata chovaná v zoo
|7 ph135138
|2 czenas
|
| 650 |
0 |
7 |
|a péče o zvířata
|7 ph134959
|2 czenas
|
| 650 |
0 |
7 |
|a veterinární hygiena
|7 ph127054
|2 czenas
|
| 650 |
0 |
9 |
|a keeping of exotic animals
|2 eczenas
|
| 650 |
0 |
9 |
|a zoo animals
|2 eczenas
|
| 650 |
0 |
9 |
|a animal care
|2 eczenas
|
| 650 |
0 |
9 |
|a veterinary hygiene
|2 eczenas
|
| 655 |
|
7 |
|a kolektivní monografie
|7 fd501537
|2 czenas
|
| 655 |
|
9 |
|a collective monographs
|2 eczenas
|
| 700 |
1 |
|
|a Malá, Gabriela,
|d 1975-
|7 ola2006357570
|4 aut
|
| 700 |
1 |
|
|a Šoch, Miloslav,
|d 1953-
|7 jo2002104812
|4 aut
|
| 700 |
1 |
|
|a Přikryl, Ivan
|7 ola2017940103
|4 aut
|
| 910 |
2 |
|
|a BOA001
|b 2-1398.955
|
| 928 |
9 |
|
|a Výzkumný ústav živočišné výroby
|
| 928 |
9 |
|
|a Zemědělská fakulta Jihočeské univerzity
|
| 990 |
|
|
|a BK
|
| 995 |
|
|
|a 01
|
| 991 |
|
|
|b 201712
|c NOV
|
| 996 |
6 |
|
|b 2610728335
|c 2-1398.955
|l MZK
|r Sklad / do 1 hodiny
|n 0
|p p.v.
|w 001644346
|u 000010
|a 1
|e BOA001
|j MZK50
|s P
|
| 996 |
7 |
|
|b 2610735348
|c 2-1398.955
|l MZK
|r Sklad / do 1 hodiny
|n 1
|p dar
|w 001644346
|u 000020
|a 1
|e BOA001
|j MZK50
|s A
|